Insolvencia societaria (Registro nro. 1576)

Detalles MARC
000 -LEADER
fixed length control field 01195 a2200217 4500
001 - CONTROL NUMBER
control field 27293
005 - DATE AND TIME OF LATEST TRANSACTION
control field 20260407155549.0
008 - FIXED-LENGTH DATA ELEMENTS--GENERAL INFORMATION
fixed length control field 260407a2007 arg spa d
003 - CONTROL NUMBER IDENTIFIER
control field AR-UNSa-BCEJYS
040 ## - CATALOGING SOURCE
Original cataloging agency AR-UNSa-BCEJYS
Language of cataloging spa
Transcribing agency AR-UNSa-BCEJYS
080 ## - UNIVERSAL DECIMAL CLASSIFICATION NUMBER
Universal Decimal Classification number 347.736
Common auxiliary subdivision Quiebra. Insolvencia. Suspensión de pagos. Bancarrota, procedimientos. Derecho Concursal
020 ## - INTERNATIONAL STANDARD BOOK NUMBER
International Standard Book Number 978-987-592-279-2
100 1# - MAIN ENTRY--PERSONAL NAME
Personal name Richard, Efraín Hugo
245 10 - TITLE STATEMENT
Title Insolvencia societaria
264 #1 - PRODUCTION, PUBLICATION, DISTRIBUTION, MANUFACTURE, AND COPYRIGHT NOTICE
Place of production, publication, distribution, manufacture Buenos Aires :
Name of producer, publisher, distributor, manufacturer Lexis Nexis
Date of production, publication, distribution, manufacture, or copyright notice 2007
300 ## - PHYSICAL DESCRIPTION
Extent xxii, 313 p.
Dimensions 22 cm.
505 ## - FORMATTED CONTENTS NOTE
Formatted contents note 1. Afrontar la crisis - 2. Afrontar la crisis a través del derecho - 3. La funcionalidad societaria - 4. La conservación de la empresa - 5. El bien jurídico tutelado por el derecho concursal - 6. La funcionalidad societaria - 7. Aspectos societarios de la crisis económica - 8. Pedido de quiebra vs. ejecución individual - 9. La solución concursal - 10. La gestación del acuerdo - 11. Responsabilidad -- 12. Apreciaciones finales
590 ## - LOCAL NOTE (RLIN)
Local note niveau_biblio:m niveau_hierar:0
856 41 - ELECTRONIC LOCATION AND ACCESS
Uniform Resource Identifier <a href="https://biblioeco.unsa.edu.ar/pmb/images/libros/Insolvencia Societaria-l119720.jpg">https://biblioeco.unsa.edu.ar/pmb/images/libros/Insolvencia Societaria-l119720.jpg</a>
Link text Imagen de portada
Electronic format type image/jpeg
942 ## - ADDED ENTRY ELEMENTS (KOHA)
Koha item type
Existencias
Withdrawn status Lost status Damaged status Not for loan Home library Current library Shelving location Date acquired Total checkouts Full call number Barcode Date last seen Price effective from Koha item type
        Biblioteca Prof. Eusebio Cleto del Rey Biblioteca Prof. Eusebio Cleto del Rey   07/04/2026   347.736 R498 L119720 07/04/2026 07/04/2026 Libro